Learning Resource and Development

Canvas 5 : (Record no. 19347)

MARC details
000 -LEADER
fixed length control field 01090cam a2200277Ia 4500
001 - CONTROL NUMBER
control field canvas5macoswind00dene
003 - CONTROL NUMBER IDENTIFIER
control field CaSfIA
005 - DATE AND TIME OF LATEST TRANSACTION
control field 20230525154852.0
007 - PHYSICAL DESCRIPTION FIXED FIELD--GENERAL INFORMATION
fixed length control field cr||||
008 - FIXED-LENGTH DATA ELEMENTS--GENERAL INFORMATION
fixed length control field 980210s1996 flua f 001 0 eng d
040 ## - CATALOGING SOURCE
Original cataloging agency NAA
Transcribing agency NAA
Modifying agency OCL
-- CaSfIA
035 ## - SYSTEM CONTROL NUMBER
System control number (OCoLC)38402395
090 ## - LOCALLY ASSIGNED LC-TYPE CALL NUMBER (OCLC); LOCAL CALL NUMBER (RLIN)
Classification number (OCLC) (R) ; Classification number, CALL (RLIN) (NR) QA76.76.O63
Local cutter number (OCLC) ; Book number/undivided call number, CALL (RLIN) C36 1996
245 00 - TITLE STATEMENT
Title Canvas 5 :
Medium [electronic resource]
Remainder of title MAC OS and Windows.
246 14 - VARYING FORM OF TITLE
Title proper/short title Canvas
250 ## - EDITION STATEMENT
Edition statement Version 5.
260 ## - PUBLICATION, DISTRIBUTION, ETC.
Place of publication, distribution, etc. [Miami, Fla.] :
Name of publisher, distributor, etc. Deneba,
Date of publication, distribution, etc. c1996.
300 ## - PHYSICAL DESCRIPTION
Extent 4 v. :
Other physical details ill. (some col.) ;
Dimensions 21 cm. +
Accompanying material 1 quick reference sheet ([6] p.).
500 ## - GENERAL NOTE
General note Includes indices.
505 0# - FORMATTED CONTENTS NOTE
Formatted contents note v. [1]. Getting started -- v. [2]. User's guide -- v. [3]. Color printing guide -- v. [4]. URW type library.
650 #0 - SUBJECT ADDED ENTRY--TOPICAL TERM
Topical term or geographic name entry element Computer software
Form subdivision Handbooks, manuals, etc.
650 #7 - SUBJECT ADDED ENTRY--TOPICAL TERM
Topical term or geographic name entry element COMPUTER PROGRAMS
Source of heading or term nasat
710 2# - ADDED ENTRY--CORPORATE NAME
Corporate name or jurisdiction name as entry element Deneba Systems.
856 41 - ELECTRONIC LOCATION AND ACCESS
Uniform Resource Identifier <a href="http://www.archive.org/details/canvas5macoswind00dene">http://www.archive.org/details/canvas5macoswind00dene</a>
Public note Free eBook from the Internet Archive
856 42 - ELECTRONIC LOCATION AND ACCESS
Uniform Resource Identifier <a href="http://www.openlibrary.org/books/OL24616976M">http://www.openlibrary.org/books/OL24616976M</a>
Public note Additional information and access via Open Library
Holdings
Withdrawn status Lost status Damaged status Not for loan Collection Home library Current library Date acquired Total Checkouts Date last seen Price effective from Koha item type
        Project Gutenberg Main Library Main Library 05/25/2023   05/25/2023 05/25/2023 EBooks